Estadísticas para Estadios de la Ciudad de Buenos Aires

Haz click aquí para tomar la prueba!

Estadísticas generales

  • Esta prueba ha sido tomada 153 veces
  • La puntuación promedio es 8 de 18

Respuestas en el mapa

Las respuestas están codificadas por una escala verde-roja en el mapa de la prueba según el % correcto abajo.
 

Estadísticas de respuestas

Respuesta% Correcto
Boca Juniors (Alberto J. Armando)
77%
River Plate (Antonio V. Liberti)
61%
Vélez Sarsfield (José Amalfitani)
56%
Atlanta (León Kolbowsky)
55%
Defensores de Belgrano (Juan Pasquale)
53%
Barracas Central (Claudio Fabián Tapia)
51%
Argentinos Juniors (Diego Armando Maradona)
50%
Ferro Carril Oeste (Arquitecto Ricardo Etcheverry)
49%
Huracán (Tomás A. Ducó)
49%
San Lorenzo (Pedro Bidegain)
48%
Nueva Chicago
45%
Comunicaciones (Alfredo Ramos)
35%
Excursionistas
35%
Riestra (Guillermo Laza)
35%
Sacachispas (Roberto Larrosa)
35%
All Boys (Islas Malvinas)
34%
General Lamadrid (Enrique Sexto)
33%
Deportivo Español (Nueva España)
31%

Distribución de puntuación

Porcentaje por número respondido

Porcentaje de gente con cada puntuación

Historial de tus puntuaciones

No has tomado esta prueba